000
00337nam a2200145Ia 4500
008
231217s9999 xx 000 0 und d
041
_a
English
082
_a
658.3 MAG1;1 R
100
_a
Mager, Robert F
245
0
_a
Goal analysis
260
_c
2004
_b
Jaico
_a
Mumbai
300
_a
vi+159
650
_a
Goal analysis
942
_c
AA
999
_c
172912
_d
172912